000 00898nam a2200193 a 4500
008 120416s1981 ||||||||||||||||| || u
050 _aHF 5635 Whe
100 _aWheeler, James E
245 1 0 _aAdvanced accounting
246 _aa professional approach
260 _aHomewood, Ill.
_bIrwin
_c[1981]
300 _aix, 489p.
350 _a0.00
650 0 _aECONOMICS
650 0 _aACCOUNTING--HANDBOOKS, MANUALS, ETC
995 _aANNEX COLLECTION (Main Library)
_D0.00
_e70553
_FCBU-MAIN LIBRARY (Kitwe)
_H3
_I0.00
_jHF 5635 Whe
_M2
_UAVAILABLE
_y006997
_ZAnnex Low-Usage Collection
995 _aANNEX COLLECTION (Main Library)
_D0.00
_e704554
_FCBU-MAIN LIBRARY (Kitwe)
_H2
_I0.00
_jHF 5635 Whe
_M3
_UAVAILABLE
_y006998
_ZAnnex Low-Usage Collection
995 _aANNEX COLLECTION (Main Library)
_D0.00
_e704552
_FCBU-MAIN LIBRARY (Kitwe)
_H1
_I0.00
_jHF 5635 Whe
_M1
_UAVAILABLE
_y006996
_ZAnnex Low-Usage Collection
999 _c83679
_d83679